000 00572nam a22001697a 4500
005 20120110162524.0
020 _a9788179635520
_c45.00
037 _aDPL
_bPUB
082 _aS
245 _aCinderella ; Thumbelina /
260 _aMumbai
_bShree Book Centre
270 _a8 kakad industrial Estate-S.Keer Road (off.L.J. Road matunga west
_bMumbai
_e400016
_k24377513/24374559
_l91-22-24309183
_msales@shreebookcentre.com
300 _aunpaged
_bCol.ill
_c23cm (pbk)
490 _aMy Best Loved fairy Tales
_938823
500 _a2 in 1 Large Print
942 _2ddc
_cCH
_hS
_mCIN
999 _c60657
_d60657